Tree breeding : principles and strategies

Bibliographic Details
Main Author: NAMKOONG
Other Authors: Brouard, Kang
Format: Book
Published: New York : Springer-Verlag , 1988
Series:Monographs on theoretical and applied genetics; 11
Subjects:

MARC

LEADER 00000cam a2200000 7i4500
001 0000002409
005 20030606.0
020 0 0 |a 0387967478 
090 0 0 |a 634.956   |b NAM 1988 
100 1 0 |a NAMKOONG   |h Gene 
245 1 0 |a Tree breeding :   |b principles and strategies   |c G. Namkoong, H. C. Kang, J. S. Brouard 
260 0 0 |a New York :   |b Springer-Verlag ,   |c 1988 
300 |a viii, 180 p. :   |b ill. ;   |c 25 cm. 
440 0 0 |a Monographs on theoretical and applied genetics; 11 
500 0 0 |a Includes bibliographical references : p. (161) - 171 and index 
650 0 0 |a Forest genetics 
650 0 0 |a Trees   |x Breeding 
700 0 1 |a Brouard   |h Jean Sebastien 
700 0 1 |a Kang   |h Hyun Chung 
998 |a JPSM 
999 |a 0000004240   |b Monograph   |c Open Shelf   |e Default branch